000 00741nas a2200229 4500
001 BR0202538
003 BR-BrBNA
005 20231205102959.0
007 ta
008 230509b bl.|||p| |||| 00| 00por d
040 _aBR-BrBNA
_bpor
_cBiblioteca Nacional de Agricultura
041 _a(Pt)
072 _aP10
100 1 _aPagot, L.A.
245 1 _aFaltam recursos para a implantação da Hidrovia Rio Madeira, e a navegação ainda depende do regime sazonal do volume de águas
650 _aHIDROVIA
650 _aRECURSO HÍDRICO
650 _aBACIA HIDROGRÁFICA
773 0 _tAgroanalysis (Brazil)
_xISSN 0100-4298
_g(May 2000), v. 20(5) p. 39-40
_wBR0202538
909 _a202311
_bLúcia
_c55
_dLúcia Elande
942 _2AGRIS
_n0
_cANA
999 _c170393
_d170393